| 000 | 00426nam a22001697a 4500 | ||
|---|---|---|---|
| 005 | 20160611101247.0 | ||
| 008 | 160611b xxu||||| |||| 00| 0 eng d | ||
| 020 | _a978-81-8478-019-2 | ||
| 041 | _aeng | ||
| 082 | _b6785 | ||
| 100 |
_aAggarawal, Rohini _91681 |
||
| 245 | _aBusiness Communication and Organisation & Management | ||
| 260 |
_aNew Delhi _bTaxmann |
||
| 300 | _a458 | ||
| 650 |
_aManagement _9241 |
||
| 942 | _cBK | ||
| 999 |
_c2371 _d2370 |
||